| 000 | 01128cam a2200325 4500 | ||
|---|---|---|---|
| 999 |
_c28844 _d28815 |
||
| 001 | BHH3973NW | ||
| 003 | EG-ScBUE | ||
| 005 | 20200927114634.0 | ||
| 008 | 711111r19661965enkab f b 00100 eng d | ||
| 035 | _a(InU)BHH3973NW | ||
| 035 | _a(OCoLC)ocm00170667 | ||
| 035 | _a27649 | ||
| 040 |
_aDLC _beng _erda _cWSU _dSER _dm.c. _dSER _dEG-ScBUE |
||
| 082 | 0 | 4 |
_a330.9 _bHAG _222 |
| 100 | 1 | 0 |
_aHaggett, Peter, _eauthor. |
| 245 | 1 | 0 |
_aLocational analysis in human geography / _cPeter Haggett, lecturer in geography in the University of Cambridge, Fellow of Filzwilliam House, Cambridge. |
| 250 | _aReprinted edition. | ||
| 264 | 1 |
_aLondon : _bEdward Arnold Publishers Ltd, _c1966. |
|
| 300 |
_axii, 339 pages : _billustrations, maps ; _c24 cm |
||
| 336 |
_2rdacontent _atext _btxt |
||
| 337 |
_2rdamedia _aunmediated _bn |
||
| 338 |
_2rdacarrier _avolume _bnc |
||
| 504 | _aIncludes bibliographical references and index. | ||
| 650 | 7 |
_aEconomic geography. _2BUEsh |
|
| 650 | 7 |
_aHuman geography. _2BUEsh |
|
| 653 |
_bBUSECO _cSeptember2020 |
||
| 655 |
_vReading book _934232 |
||
| 942 |
_2ddc _cBB |
||
| 998 |
_b10/25/1991 _c1/13/1989 |
||